Movies Quiz

Random Movies or Star Wars Quiz

Star Wars: Close-Up Quiz Stats

 Plays Quiz Updated Jan 7, 2019

Also try: Star Wars Stuff
Challenge
Share
Tweet
Score 0/25 Timer 05:00
17 Plays Today
# Star Wars close-up % Correct
1Yoda
99.3%
3Jabba the Hutt
93.9%
9Lightsaber
93.3%
6Princess Leia
90.8%
16Chewbacca
90.2%
21R2-D2
89.2%
13Death Star
88.2%
4C-3PO
88.2%
24Han Solo
85.9%
2X-wing
85.3%
22Storm Trooper
85.3%
20Darth Maul
84.3%
14Ewok
83.4%
# Star Wars close-up % Correct
18Emperor Palpatine
78%
23Boba Fett
77.4%
8Tusken Raider
73.5%
25Darth Vader
67.2%
7TIE fighter
66.7%
12Millennium Falcon
64.5%
15AT-AT
62.7%
5General Grievous
61.6%
11Battle Droid
48.8%
19Rancor
48.1%
10Watto
44.2%
17Wampa
32.7%

You're not logged in!

Compare scores with friends on all Sporcle quizzes.
OR
Log In

You Might Also Like...

Show Comments

Extras

Top Quizzes Today


Score Distribution

Your Account Isn't Verified!

In order to create a playlist on Sporcle, you need to verify the email address you used during registration. Go to your Sporcle Settings to finish the process.

Report this User

Report this user for behavior that violates our Community Guidelines.

Details: